000 00377nam a22001697a 4500
005 20160618122942.0
008 160618b xxu||||| |||| 00| 0 eng d
020 _a81-203-2300-9
041 _aeng
082 _b8117
100 _aCleary, Patrik J
_92203
245 _aThe negotition hand book
260 _bPHI
300 _a167
650 _aManagement
_9241
942 _cBK
999 _c3084
_d3083